000 01025nab a22002777a 4500
001 09592
003 HDC
007 cr bn ---aaaaa
008 210128c20110116my ||||| |||| 00| 00may d
040 _aHDC
245 0 _a1MDS sasar tembusi Turki
260 _aKuala Lumpur :
_bStar Publications (M) Bhd.
_c2011
336 _atext
_2rdacontent
337 _acomputer
_2rdamedia
338 _aonline resource
_2rdacarrier
650 _aEconomy transformation
_99873
650 _aEconomy
_zMalaysia
_91849
650 _aFood
_xReligious aspect
_xIslam
_97432
650 _aHalal food
_950
710 _aMstar
856 _zRequest full-text at [email protected]
856 _zRequest full-text at [email protected]
942 _2lcc
942 _cNEWS
942 _kNWSC 004033
999 _c6915
_d6915